| 000 | 00354nam a2200133Ia 4500 | ||
|---|---|---|---|
| 008 | 240624s9999 xx 000 0 und d | ||
| 041 | _aeng | ||
| 082 | _a828 JHA | ||
| 100 | _aJHA KRISHNA | ||
| 245 | _aAYODHYA THE DARK NIGHT THE SECRET HISTOR | ||
| 260 |
_c2012 _aNew Delhi _bHarperCollins India |
||
| 300 | _axxvii, : 192 : p. : cm. ; 22 | ||
| 365 | _cRS | ||
| 999 |
_c28527 _d28527 |
||